|
|
|
|
| LEADER |
00000nab a2200000 ar4500 |
| 001 |
vtls008963981 |
| 003 |
SK-MaSNL |
| 005 |
20260303070802.0 |
| 008 |
070413c20070330xo |||||||||||000 b|slo |
| 015 |
|
|
|a SNBRB2007/04
|2 snkbucl
|
| 038 |
|
|
|a SNKBUCL
|
| 040 |
|
|
|a SNKBUCL
|b slo
|c SNKBUCL
|e AACR2
|
| 041 |
0 |
|
|a slo
|
| 044 |
|
|
|a xo
|c SK
|
| 080 |
|
|
|a 637.54'6
|2 1997
|
| 080 |
|
|
|a 613.281
|2 1997
|
| 100 |
1 |
|
|a Benková, Janka
|4 aut
|9 212261
|
| 245 |
1 |
0 |
|a Zdravou výživou proti civilizačným chorobám
|c Janka Benková, Ján Baumgartner
|
| 650 |
0 |
7 |
|a hydinové mäso
|2 snkbucl
|9 65949
|
| 650 |
0 |
7 |
|a tuk
|2 snkbucl
|9 1058460
|
| 650 |
0 |
7 |
|a selén
|2 snkbucl
|9 14981
|
| 650 |
0 |
7 |
|a vitamín E
|2 snkbucl
|9 14303
|
| 650 |
0 |
7 |
|a kadmium
|2 snkbucl
|9 16680
|
| 700 |
1 |
|
|a Baumgartner, Ján,
|d 1940-
|4 aut
|9 85888
|
| 773 |
0 |
|
|t Sme. Roľnícke noviny
|g Č. 75 (30.3.2007)
|x 1335-440X
|
| 773 |
0 |
8 |
|i Príl.:
|t Roľnícke noviny
|g Č. 13 (30.3.2007), s. 11
|
| 852 |
|
|
|a SNK
|b KIS3GCP
|
| 958 |
|
|
|a ME
|
| 999 |
|
|
|c 1756915
|d 1758845
|